Odgadnij skina na podstawie szablonu wzoru (pattern template) CS2 - Statystyki

Ogólne statystyki
  • Ten quiz został rozwiązany 131 razy
  • Średni wynik to 8 z 12
Statystyki odpowiedzi
Obrazkowy Odpowiedź % Poprawnych
Safari Mesh | Siatka Safari
96%
Case Hardened | Stal Nawęglana
91%
BOOM
87%
Crimson Web | Szkarłatna Sieć
83%
Franklin
79%
Slaughter | Rzeź
73%
Doppler
69%
Bright Water | Jasne Wody
64%
PAW | Łapa
56%
Hypnotic | Hipnoza
42%
Hydroponic | Hydroponika
30%
Moonrise | Wschód Księżyca
30%
Nie znaleziono quizów pasujących do podanych kryteriów
Rozkład punktacji
Procent ludzi z każdym wynikiem
Percentyl według liczby udzielonych odpowiedzi
Twoja historia wyników
Nie rozwiązałeś tego quizu